000 00291nam a22001337a 4500
008 171006b xxu||||| |||| 00| 0 eng d
020 _a2900470073871
041 _aeng
080 _a159.9
100 _a48
101 _aPSI
245 _aABNORMAL PSYCHOLOGY
_cHANSELL, J
942 _2udc
_cBK
999 _c32156
_d32156